Reflective teaching in schools / (رقم التسجيلة. 37767)

تفاصيل مارك
000 -الفاتح
حقل البيانات ثابتة الطول 01225cam a2200397 a 4500
001 - رقم الضبط
رقم الضبط 18266327
003 - محدد رقم الضبط
رقم الضبط OSt
005 - وقت وتاريخ اخر تعامل مع التسجيلة
رقم الضبط 20150729003331.0
008 - عناصر البيانات ثابتة الطول - معلومات عامة
حقل البيانات ثابتة الطول 140813s2014 enka g b 001 0 eng d
010 ## - رقم ضبط مكتبة الكونجرس
رقم ضبط مكتبة الكونجرس 2014415688
015 ## - رقم الببليوجرافية الوطنية
رقم الببليوجرافية الوطنية GBB3B0627
المصدر bnb
016 7# - رقم ضبط الوكاله الوطنية للضبط الببليوجرافي
رقم ضبط التسجيلة 016559031
المصدر Uk
020 ## - الرقم الدولى المعيارى للكتب
الرقم الدولى المعيارى للكتاب 9781441140609 (hbk.)
020 ## - الرقم الدولى المعيارى للكتب
الرقم الدولى المعيارى للكتاب 1441140603 (hbk.)
020 ## - الرقم الدولى المعيارى للكتب
الرقم الدولى المعيارى للكتاب 9781441191700 (pbk.)
020 ## - الرقم الدولى المعيارى للكتب
الرقم الدولى المعيارى للكتاب 1441191704 (pbk.)
020 ## - الرقم الدولى المعيارى للكتب
الرقم الدولى المعيارى للكتاب 9781441136626
020 ## - الرقم الدولى المعيارى للكتب
الرقم الدولى المعيارى للكتاب 1441136622
020 ## - الرقم الدولى المعيارى للكتب
الرقم الدولى المعيارى للكتاب 9781441175397
020 ## - الرقم الدولى المعيارى للكتب
الرقم الدولى المعيارى للكتاب 1441175393
035 ## - رقم ضبط النظام
رقم ضبط النظام (OCoLC)ocn864789160
040 ## - مصدر الفهرسة
وكالة الفهرسة الأصلية Ma-un
لغة الفهرسة ara
082 04 - رقم تصنيف ديوى العشرى
رقم المادة PAR
رقم التصنيف 371.102
رقم الطبعة 23
100 1# - المدخل الرئيسى - إسم شخصى
الإسم الشخصى Pollard, Andrew,
التواريخ المصاحبة للاسم 1949-
9 (RLIN) 49717
245 10 - بيان العنوان
العنوان Reflective teaching in schools /
بيان المسئوليه,etc Andrew Pollard with Kristine Black-Hawkins ... [et al.].
250 ## - بيان الطبعة
بيان الطبعة 4th edition.
260 ## - PUBLICATION, DISTRIBUTION, ETC. (IMPRINT)
مكان الناشر او الموزع London :
اسم الناشر او الموزع Bloomsbury,
تاريخ النشر أو التوزيع 2014.
300 ## - الوصف المادى
التعداد xi, 558 p. :
تفاصيل ماديه اخرى للوعاء ill. ;
أبعاد الوعاء 24 cm.
490 1# - بيان السلسلة
عنوان السلسلة Reflective teaching
504 ## - تبصرة ببليوجرافية
تبصرة ببليوجرافية,الخ Includes bibliographical references (pages 505-536) and index.
650 #0 - المدخل الاضافى بالموضوع-مصطلح موضوعى
مصطلح موضوعي أو اسم جغرافي كعنصر مدخل Reflective teaching.
9 (RLIN) 49718
650 #4 - المدخل الاضافى بالموضوع-مصطلح موضوعى
مصطلح موضوعي أو اسم جغرافي كعنصر مدخل Reflective teaching
9 (RLIN) 49719
700 1# - المدخل الاضافى - اسم شخصى
الإسم الشخصى Black-Hawkins, Kristine,
التواريخ المصاحبة للاسم 1957-
9 (RLIN) 49720
830 #0 - المدخل الاضافى بالسلسلة -عنوان موحد
عنوان موحد Reflective teaching series.
9 (RLIN) 49721
942 ## -
-- ddc
-- BOOK
999 ## -
-- 37767
-- 272267
المقتنيات
حالة الفقد نموذج السعر الفعال حالة تلف ليس للاعارة رقم الطلب رقم النسخة تاريخ الاكتساب Serial Enumeration / chronology الباركود الفرع الرئيسي Date last seen نوع المادة فى نظام كوها مصدر التصنيف او خطة الترفيف Total Checkouts
  2015-07-29   Not For Loan 371.102 PAR 1 2015-07-29 CL 00216184 المكتبة المركزية بالمجمعة (CL) 2015-07-29 كتاب Dewey Decimal Classification  
  2015-07-29     371.102 PAR 2 2015-07-29 CL 00216183 المكتبة المركزية بالمجمعة (CL) 2015-07-29 كتاب Dewey Decimal Classification  
  2015-07-29     371.102 PAR 3 2015-07-29 CL 00216182 المكتبة المركزية بالمجمعة (CL) 2015-07-29 كتاب Dewey Decimal Classification  
  2015-07-29   Not For Loan 371.102 PAR 1 2015-07-29 CL 00216186 مكتبة مجمع الكليات بالزلفى - طلاب (SZM) 2015-07-29 كتاب Dewey Decimal Classification  
  2015-07-29     371.102 PAR 2 2015-07-29 CL 00216185 مكتبة مجمع الكليات بالزلفى - طلاب (SZM) 2015-07-29 كتاب Dewey Decimal Classification